000 01631nam a2200277 i 4500
005 20230905105054.0
008 230905s1987 nyu 001 0 eng
020 _a0394363345
_q(paperback)
040 _aDLC
_cDLC
_dCSPC
_erda
050 _aLB2369
_b.V25
082 _a808.042
_bV238w
100 _aValiukenas, Delija J.,
_eauthor.
245 _aWriting with authority :
_ba guide to the research process /
_cDelija J. Valiukenas.
264 _aNew York, NY :
_bRandom House, Inc.,
_c1987.
300 _axix, 295 pages :
_c23 cm.
336 _2rdacontent
_atext
_btxt
337 _2rdamedia
_aunmediated
_bn
338 _2rdacarrier
_avolume
_bn
500 _aIncludes bibliographical references and index.
505 _aIntroduction to the research paper -- Writing a research paper in miniature -- Using the library : selecting a topic, restricting it, and formulating a preliminary thesis --Using the library : preparing a working bibliography -- Using the library : skimming for general information -- Using the library : taking notes -- Using your notes when you write : quoting and paraphrasing -- Prewriting : examples -- Prewriting : division and classification -- Prewriting : definition -- Prewriting : cause and effect -- Prewriting : comparison and contrast -- Writing the research paper -- Documenting your sources : in the text and at the end of the text -- Model research papers.
650 _aReport writing
650 _aEnglish language
_xComposition and exercises
650 _aLibrary orientation
942 _2ddc
_n0
_cBK
_h808.042 V238w
_kCIR
_m1987
999 _c26055
_d26055